KOHA-Header-6

Wonderland of life an autobiography (Record no. 12072)

000 -LEADER
fixed length control field 00315nam a22001337a 4500
020 ## - INTERNATIONAL STANDARD BOOK NUMBER
ISBN 9789699466533
082 ## - DEWEY DECIMAL CLASSIFICATION NUMBER
Classification number 818.409
100 ## - MAIN ENTRY--AUTHOR NAME
Personal name Dr.Ayesha Malik MD
245 ## - TITLE STATEMENT
Title Wonderland of life an autobiography
260 ## - PUBLICATION, DISTRIBUTION, ETC. (IMPRINT)
Place of publication Karachi
Name of publisher Rub Publisher
Year of publication 2019
300 ## - PHYSICAL DESCRIPTION
Number of Pages 200
650 ## - SUBJECT ADDED ENTRY--TOPICAL TERM
Topical Term English Fiction
942 ## - ADDED ENTRY ELEMENTS (KOHA)
Koha item type Books
Holdings
Withdrawn status Lost status Collection code Permanent Location Current Location Shelving location Full call number Accession Number Koha item type
    English Literature MAJU MAJU Shelf No.A13 818.409 9346 English Literature
    English Literature MAJU MAJU Shelf No.A13 818.409 9360 English Literature

Powered by Koha